MCSE Test Success: SQL Server 7 Administration. / (Record no. 5926)
[ view plain ]
| 000 -LEADER | |
|---|---|
| fixed length control field | 00756nam a22001817a 4500 |
| 008 - FIXED-LENGTH DATA ELEMENTS--GENERAL INFORMATION | |
| fixed length control field | 160513b xxu||||| |||| 00| 0 eng d |
| 020 ## - INTERNATIONAL STANDARD BOOK NUMBER | |
| International Standard Book Number | 0782123759 |
| 050 ## - LIBRARY OF CONGRESS CALL NUMBER | |
| Classification number | QA76.3.L443 |
| 100 ## - MAIN ENTRY--PERSONAL NAME | |
| Personal name | Lee , Michael |
| 245 ## - TITLE STATEMENT | |
| Title | MCSE Test Success: SQL Server 7 Administration. / |
| Statement of responsibility, etc. | Michael Lee and Rick Sawtell. |
| 260 ## - PUBLICATION, DISTRIBUTION, ETC. | |
| Place of publication, distribution, etc. | San Francisco : |
| Name of publisher, distributor, etc. | SYBEX, |
| Date of publication, distribution, etc. | 1999. |
| 300 ## - PHYSICAL DESCRIPTION | |
| Extent | xxv,371p. : |
| Other physical details | ill. |
| 500 ## - GENERAL NOTE | |
| General note | Includes Index |
| 505 ## - FORMATTED CONTENTS NOTE | |
| Formatted contents note | Contents: Planning -- Installation and Configuration -- Configuring and Managing Security -- Managing and Maintaining Data -- Monitoring and Optimization -- Troubleshooting -- The Exam -- Appendix: Study Question and Sample Test Answers -- Glossary |
| 650 ## - SUBJECT ADDED ENTRY--TOPICAL TERM | |
| Source of heading or term | Computer Science |
| 700 ## - ADDED ENTRY--PERSONAL NAME | |
| Personal name | Sawtell, Rick |
| 942 ## - ADDED ENTRY ELEMENTS (KOHA) | |
| Source of classification or shelving scheme | Library of Congress Classification |
| Koha item type | Books |
| Withdrawn status | Lost status | Source of classification or shelving scheme | Damaged status | Not for loan | Home library | Current library | Shelving location | Date acquired | Total Checkouts | Full call number | Barcode | Date last seen | Copy number | Price effective from | Koha item type |
|---|---|---|---|---|---|---|---|---|---|---|---|---|---|---|---|
| Library of Congress Classification | WISCONSIN INTERNATIONAL UNIVERSITY COLLEGE, GHANA - MAIN LIBRARY | WISCONSIN INTERNATIONAL UNIVERSITY COLLEGE, GHANA - MAIN LIBRARY | Reference | 13/05/2016 | QA76.3.L443 | 8196/014/18 | 13/05/2016 | 1 | 13/05/2016 | Books | |||||
| Library of Congress Classification | WISCONSIN INTERNATIONAL UNIVERSITY COLLEGE, GHANA - MAIN LIBRARY | WISCONSIN INTERNATIONAL UNIVERSITY COLLEGE, GHANA - MAIN LIBRARY | Reference | 13/05/2016 | QA76.3.L4431 | 8199/017/18 | 13/05/2016 | 2 | 13/05/2016 | Books |
